00867nam a22001817a 4500003000900000008004100009040007100050082002100121100003300142245010800175260004100283300006500324505018900389650002600578650001500604650004000619650002600659AR-CdUCM190312b ||||| |||| 00| 0 spa d aMUNICIPALIDAD PROVINCIAL DEL CUSCOcBIBLIOTECA MUNICIPAL DEL CUSCO a929.1985 / bP19 aPantigozo Medina, Guillermo. a150 años de genealogía 1848-1998 :bToribio Pantigozo Torres y Petronila Camargo Gonzáles, 1907 / aCusco : bImprenta Pantigozo,c1999. a180 paginas ;bIlustraciones, árbol genealógico,c21 cm. aEscudo de armas de los Pantigoso -- Historia Pantigoso - Camargo -- Descripción de hijos de Toribio y Petronila -- Hijos de Vicente y Maria Guadalupe -- Hijos de Jara - Pantigoso... aSistema de parentesco aGenealogia aAscendencia y descendencia familiar aÁrbol genealógico